Statistics for French Quiz

Click here to take the quiz!

General Stats

  • This quiz has been taken 3 times
  • The average score is 3 of 17

Answer Stats

HintAnswer% Correct
L’ecranScreen
100%
BavarderChat
50%
Un guignolPuppet
50%
TièdeTepid
50%
FouillerTo search
50%
Une charogneBitch, carcass
0%
L’amertumeBitterness
0%
Un cabanonCabin
0%
Mousseux/seFoamy
0%
Le commissariatPolice station
0%
DoucereuxSullen, sickeningly sweet
0%
ÉclaterTo break out
0%
LuireTo gleam, to glow
0%
FrapperTo hit, to strike
0%
HocherTo nod
0%
RamasserTo pick up
0%
InégalUneven
0%

Score Distribution

Percentile by Number Answered

Percent of People with Each Score

Your Score History

You have not taken this quiz